00539 2200193 4500001002100000005001500021035002000036245007700056100002200133250000600155300003100161700001500192260003300207082001200240084001800252020002200270650003600292990001700328INLIS00000000000134120190912021104 a0010-09190000451 aBerguru Kepada Ustadz Zaman Now /cAbid Fadhil Abyan; Editor, Nurul Huda0 aAbid Fadhil Abyan a- a92 hlm. :bilus. ;c21 cm.0 aNurul Huda aYogyakarta :bLaksana,c2018 a292.092 a292.092 ABI b a978-602-407-426-5 aBiografi Tokoh Agama Islam Umum a04681/H/2018